Heráldica medieval española. (Record no. 13765)
[ view plain ]
| 000 -LEADER | |
|---|---|
| campo de control de longitud fija | 00839nam a2200241 i 4500 |
| 001 - NÚMERO DE CONTROL | |
| campo de control | 13765 |
| 003 - IDENTIFICADOR DE NÚMERO DE CONTROL | |
| campo de control | ES-MaACL |
| 005 - FECHA Y HORA DE LA ÚLTIMA TRANSACCIÓN | |
| campo de control | 20251003063034.0 |
| 007 - CAMPO FIJO DE DESCRIPCIÓN FÍSICA--INFORMACIÓN GENERAL | |
| campo de control de longitud fija | t| |
| 008 - DATOS DE LONGITUD FIJA--INFORMACIÓN GENERAL | |
| campo de control de longitud fija | 980414m1982 sp af |||| | spa j |
| 020 ## - NÚMERO INTERNACIONAL ESTÁNDAR DEL LIBRO | |
| Número Internacional Estándar del Libro | 84-00-05150-5 |
| 080 ## - NÚMERO DE LA CLASIFICACIÓN DECIMAL UNIVERSAL | |
| Número de la Clasificación Decimal Universal | 929.6(460)"04/14" |
| 100 1# - ENTRADA PRINCIPAL--NOMBRE DE PERSONA | |
| Nombre de persona | Menéndez Pidal, Faustino, |
| Fechas asociadas al nombre | 1924- |
| 9 (RLIN) | 80311 |
| 245 10 - MENCIÓN DEL TÍTULO | |
| Título | Heráldica medieval española. |
| Número de parte o sección de la obra | I, |
| Nombre de parte o sección de la obra | La Casa Real de León y Castilla / |
| Mención de responsabilidad, etc. | Faustino Menéndez Pidal de Navascués. |
| 260 ## - PUBLICACIÓN, DISTRIBUCIÓN, ETC. | |
| Lugar de publicación, distribución, etc. | Madrid : |
| Nombre del editor, distribuidor, etc. | Hidalguía, |
| Fecha de publicación, distribución, etc. | 1982. |
| 300 ## - DESCRIPCIÓN FÍSICA | |
| Extensión | 274 p., [4] p. de lám., [2] h. de lám. pleg. : |
| Otras características físicas | il. ; |
| Dimensiones | 26 cm. |
| 500 ## - NOTA GENERAL | |
| Nota general | Índices. |
| 500 ## - NOTA GENERAL | |
| Nota general | Precede al tít.: Instituto Salazar y Castro (C.S.I.C.) |
| 650 14 - PUNTO DE ACCESO ADICIONAL DE MATERIA--TÉRMINO DE MATERIA | |
| Término de materia o nombre geográfico como elemento de entrada | Heráldica- |
| Subdivisión geográfica | España. |
| 9 (RLIN) | 13317 |
| 710 2# - ENTRADA AGREGADA--NOMBRE DE ENTIDAD CORPORATIVA | |
| Nombre de entidad corporativa o nombre de jurisdicción como elemento de entrada | Instituto Salazar y Castro. |
| 9 (RLIN) | 5230 |
| 852 ## - LOCALIZACIÓN | |
| Ubicación | ES-MaACL |
| Número de control de estantería | L-21183 |
| Estatus retirado | Estado de pérdida | Estado de daño | No para préstamo | Biblioteca de origen | Biblioteca actual | Ubicación en estantería | Fecha de adquisición | Fuente de adquisición | Total de préstamos | Signatura topográfica completa | Código de barras | Visto por última vez | Precio de reemplazo | Tipo de ítem Koha |
|---|---|---|---|---|---|---|---|---|---|---|---|---|---|---|
| Biblioteca del Ateneo de Madrid | Biblioteca del Ateneo de Madrid | Depósito 2 | 17/01/2008 | L-21183 | 1014009 | 23/02/2023 | 23/02/2023 | Libro impreso |
